00996nam a2200265Ia 450000100060000000300090000600800410001504000130005604000130006904100130008210000200009510000280011524000300014324000350017324500320020824500310024025000110027126000110028226000180029326000490031130000430036050002710040365000250067465000310069934440IT-RoPAU130308s9999 xx 000 0 und d aIT-RoPAU cIT-RoPAU aITALIANO aSeguela Jacques gCodice Aut. SPICS: 141 aHOLLYWOOD LAVE PLUS BLANC gCodice Tit. Orig. Spics: 1920 aHollywood lava più bianco bHollywood Lava Piu' Bianco a1a ed. aMILANO bLupetti & Co. c1985 [1° Ed.:1985 - Ed.Ling.Originale:1982] a"190 p. (prefazione: no ; testo: 190)" aMarca Oggetto Diventa marca Persona marca Persona Diventa marca Star Copy Strategy Diventa Star Strategy Scoperta della Star Fisico della Star carattere della Star Stile della Star Star Strategy Diventa Star System carriera della Star registi della Star Applicazioni aSAGGI DI PUBBLICITA' eCodice materia Spics: 6211